000 00427nam a22001697a 4500
005 20231031080405.0
008 231031b |||||||| |||| 00| 0 eng d
020 _a0662670523
041 _aEnglish
082 _a347.1 SUP
100 _lEnglish
245 _aSupreme Court of Canada
260 _c2009
300 _b32 pages ;
_c30 cm.
650 _alegal practice
_bLaw
942 _cBK
_6ALISON_BN_VRIES
999 _c167
_d167